00301nam a2200121Ia 4500008004100000041000800041082001200049100002000061245004000081260004000121300001300161365000500174240624s9999 xx 000 0 und d aeng a413 MAR aMARSHALL JOHN F aDICTIONARY OF FINANCIAL ENGINEERING c2000aNew YorkbJohn Wiley and Sons a304 : p. c